000 00642nam a2200241Ia 4500
003 OSt
005 20221007065312.0
006 a|||||r|||| 00| 0
007 ta
008 221006b |||||||| |||| 00| 0 eng d
024 _a11,886
037 _cTextual
040 _aFLL
_cFLL
_beng
041 _2eng
_aeng
082 _aZ281,2,3y7N85N69, M5
100 _aVerma R.S.
_979048
245 0 _aDelhi rent digest 1969-1985 Feb
250 _a1st
260 _aDelhi
_bVerma Publication India
_c1985
300 _a658p
_ccm.
942 _hZ281,2,3y7N85N69, M5
_cTEXL
_2CC
999 _c1136921
_d1136921